Pomme - Statistiques

Statistiques générales
  • Ce quiz a été pris 121 fois
  • Le résultat moyen est 4 sur 5
Statistiques - réponses
Question Réponse % Correct
Quel est le vrai nom de la chanteuse Pomme ? Claire Pommet
100%
Lequel de ces titres n'est pas l'un de ses albums ? Virtuel
100%
Quelle est sa date de naissance ? 2 août 1996
94%
Dans quelle ville a-t-elle grandi ? Lyon
82%
Quand sort-elle son premier album ? 2017
59%
Aucun quiz correspondant
Distribution des résultats
% des personnes avec chaque résultat
Percentile par nombre de réponses
Votre historique - résultats
Vous n’avez pas pris ce quiz